| 000 | 00608nam a2200205Ia 4500 | ||
|---|---|---|---|
| 003 | GCL | ||
| 008 | 140319s9999 xx 000 0 ara d | ||
| 040 |
_aGCL / _cGCL |
||
| 082 | 0 | 4 |
_aط _b590.7 _bز ا |
| 100 | 1 | _aزهير الكرمى | |
| 245 | 1 | 0 |
_aالاطلس العلمى: عالم الحيوان / _cزهير الكرمى |
| 700 | 1 | _aمحمد سعيد صبارينى | |
| 260 |
_a[S.N] : _bدار الكتاب المصرى ، _c1991 |
||
| 300 | _a166 ص | ||
| 490 | _a | ||
| 650 | 0 | 4 | _aالاطفال |
| 650 | 0 | 4 | _aالحيوان |
| 650 | 0 | 4 | _aالحياة الحيوانية |
| 942 |
_2ddc _cBK |
||
| 999 |
_c56802 _d56802 |
||